000 00469nam a2200193Ia 4500
008 101110s9999 xx 000 0 und d
041 _aENGLISH
082 _bSR6663
_a657
100 _aPatkar M.G.
245 _aSolution to Accountancy Papers
365 _b8
520 _aCommerce
546 _aENGLISH
630 _aSolution to Accountancy Papers
650 _aCommerce
655 _aCommerce
730 _aSolution to Accountancy Papers
942 _cBOOK
999 _c802486
_d802483